000 00553nam a2200169 i 4500
001 185737
003 ES-MaACL
005 20230906222516.0
008 160805s1972 sp a |||| | spa d
020 _a84-283-0335-5
100 1 _aMangada Sanz, Alfonso.
_9158424
245 1 0 _aCálculo editorial
_b: fundamentos económicos de la edición /
_cAlfonso Mangada Sanz.
260 _aMadrid :
_bParaninfo,
_c1972.
300 _a580 p., [1] p. pleg. :
_bil. ;
_c25 cm.
650 4 _aEdición-
_xAspectos económicos.
_9160341
852 _aES-MaACL
_jC-48241
999 _c185737
_d185737